UK government sustainable procurement action plan (Record no. 106560)

MARC details
000 -LEADER
fixed length control field 01692cam a2200229 4500
001 - CONTROL NUMBER
control field L136957
008 - FIXED-LENGTH DATA ELEMENTS--GENERAL INFORMATION
fixed length control field 070306s2007 xxk f 000 0 eng d
035 ## - SYSTEM CONTROL NUMBER
System control number (Sirsi) u136957
041 0# - LANGUAGE CODE
Language code of text/sound track or separate title eng
050 04 - LIBRARY OF CONGRESS CALL NUMBER
Classification number 352.1 $2 18
110 2# - MAIN ENTRY--CORPORATE NAME
Corporate name or jurisdiction name as entry element United Kingdom
Subordinate unit Department for Environment, Food and Rural Affairs
245 00 - TITLE STATEMENT
Title UK government sustainable procurement action plan
Remainder of title incorporating the government response to the report of the Sustainable Procurement Task Force
Medium [electronic resource]
260 ## - PUBLICATION, DISTRIBUTION, ETC.
Place of publication, distribution, etc. London
Name of publisher, distributor, etc. DEFRA
Date of publication, distribution, etc. 2007
505 2# - FORMATTED CONTENTS NOTE
Formatted contents note Background -- Comprehensive spending review -- Priorities and future plans -- Strengthening leadership -- Budgeting and accounting practice -- Building capacity -- Raising standards -- Marketing engagement and capturing innovation -- Wider public sector -- Scrutiny and reporting -- Next steps - Annex A: Procurement policy framework -- Annex B: Sustainable operations targets Annex C: Sustainable Procurement Task Force flexible framework -- Annex D: Quick wins mapping -- Annex E: Progress report for wider public sector (local government, health and education).
520 ## - SUMMARY, ETC.
Summary, etc. Describes in detail the actions to be taken collectively by Government and individually by Departments to achieve sustainable procurement. It points to further work planned in the wider public sector and through the Comprehensive Spending Review.
590 ## - LOCAL NOTE (RLIN)
Local note KA NTK
650 24 - SUBJECT ADDED ENTRY--TOPICAL TERM
Topical term or geographic name entry element SUSTAINABLE PROCUREMENT NATIONAL ACTION PLAN
651 #4 - SUBJECT ADDED ENTRY--GEOGRAPHIC NAME
Geographic name England and Wales
Chronological subdivision 1543-
690 ## - LOCAL SUBJECT ADDED ENTRY--TOPICAL TERM (OCLC, RLIN)
Topical term or geographic name as entry element MANAGEMENT-BUSINESS MANAGEMENT-PROCUREMENT
856 40 - ELECTRONIC LOCATION AND ACCESS
Uniform Resource Identifier <a href="https://www.defra.gov.uk/news/2007/070305b.htm">https://www.defra.gov.uk/news/2007/070305b.htm</a>
Public note View the action plan free of charge online at www.defra.gov.uk...
942 ## - ADDED ENTRY ELEMENTS (KOHA)
Suppress in OPAC 0
Holdings
Withdrawn status Lost status Source of classification or shelving scheme Damaged status Not for loan Home library Current library Shelving location Date acquired Total Checkouts Full call number Barcode Date last seen Copy number Price effective from Koha item type
    Dewey Decimal Classification     Virtual Virtual Online 06/03/2007   ONLINE PUBLICATION 136957-1001 06/08/2019 1 06/08/2019 Book